[Event "SV Sundern 1 - SC Rochade Emsdetten 1"]
[Site "NRW-Klasse. Gruppe 1 2017/201"]
[Date "2017.11.19"]
[Round "3.5"]
[White "Paalman, Henk-Jan"]
[Black "Plass, Heinz"]
[Result "1-0"]
[WhiteElo "2123"]
[BlackElo "2026"]
[PlyCount "53"]
[EventDate "2017.??.??"]
[WhiteTeam "SC Rochade Emsdetten 1"]
[BlackTeam "SV Sundern 1"]

1. d4 f5 2. e4 fxe4 3. Nc3 Nf6 4. Bg5 Nc6 5. d5 Ne5 6. Qe2 Nf7 7. h4 c6 8. Bxf6
gxf6 9. Qxe4 Bh6 10. f4 e6 11. O-O-O f5 12. Qe1 Bxf4+ 13. Kb1 Qb6 14. g3 Be3
15. Na4 Bf2 16. Nxb6 Bxe1 17. Nxa8 Bxg3 18. Rh3 Rg8 19. dxe6 dxe6 20. Nf3 f4
21. Rh1 Ke7 22. Bc4 Nd6 23. Bd3 Bd7 24. Nc7 h6 25. Ne5 Kd8 26. Bh7 Rg7 27. Rxd6
1-0

[Event "SV Sundern 1 - SC Rochade Emsdetten 1"]
[Site "NRW-Klasse. Gruppe 1 2017/201"]
[Date "2017.11.19"]
[Round "3.6"]
[White "Schulte, Josef"]
[Black "Mueller, Achim"]
[Result "1/2-1/2"]
[WhiteElo "1955"]
[BlackElo "2002"]
[PlyCount "49"]
[EventDate "2017.??.??"]
[WhiteTeam "SV Sundern 1"]
[BlackTeam "SC Rochade Emsdetten 1"]

1. d4 f5 2. Nc3 d5 3. Nf3 Nf6 4. Bg5 Ne4 5. h4 Nc6 6. e3 a6 7. Bd3 Be6 8. Ne2
Qd7 9. Rc1 O-O-O 10. Bf4 Nd6 11. b3 g6 12. c4 Bg7 13. h5 Rde8 14. a3 Bf7 15.
Ng5 e5 16. dxe5 Nxe5 17. Nxf7 Ndxf7 18. O-O g5 19. Bh2 dxc4 20. Bxc4 Qxd1 21.
Rfxd1 Nxc4 22. Rxc4 Be5 23. Rd5 Bxh2+ 24. Kxh2 Re5 25. Rd2 1/2-1/2

[Event "SV Sundern 1 - SC Rochade Emsdetten 1"]
[Site "NRW-Klasse. Gruppe 1 2017/201"]
[Date "2017.11.19"]
[Round "3.7"]
[White "Lemli, Thomas"]
[Black "Kevekordes, Peter"]
[Result "1/2-1/2"]
[WhiteElo "1976"]
[BlackElo "1863"]
[PlyCount "30"]
[EventDate "2017.??.??"]
[WhiteTeam "SC Rochade Emsdetten 1"]
[BlackTeam "SV Sundern 1"]

1. Nf3 d5 2. g3 c6 3. Bg2 Nf6 4. b3 Bf5 5. Bb2 e6 6. d3 h6 7. Nbd2 Nbd7 8. O-O
Be7 9. c4 O-O 10. Qc2 Bh7 11. a3 a5 12. Bc3 b5 13. cxb5 cxb5 14. b4 axb4 15.
axb4 Qc7 1/2-1/2

[Event "SV Sundern 1 - SC Rochade Emsdetten 1"]
[Site "NRW-Klasse. Gruppe 1 2017/201"]
[Date "2017.11.19"]
[Round "3.8"]
[White "Schober, Ralf"]
[Black "Wissing, Philipp"]
[Result "1-0"]
[WhiteElo "2017"]
[BlackElo "1781"]
[Annotator "Daniel"]
[PlyCount "111"]
[EventDate "2017.??.??"]
[WhiteTeam "SV Sundern 1"]
[BlackTeam "SC Rochade Emsdetten 1"]

1. d4 Nf6 2. Bg5 d5 3. Bxf6 exf6 4. e3 Bd6 5. g3 O-O 6. Bg2 c6 7. Qd3 f5 8. Ne2
Be6 9. Nd2 Nd7 10. O-O Nf6 11. Nf4 Qe7 12. a4 Rae8 13. Nxe6 Qxe6 14. c4 Ne4 15.
c5 Bc7 16. b4 h5 17. Nxe4 fxe4 18. Qe2 g6 $11 19. Rfb1 Qg4 20. Qxg4 hxg4 21. b5
Rb8 22. Rb3 f5 23. Rab1 Kf7 24. Bf1 Ke6 25. a5 Kd7 26. a6 bxa6 27. bxc6+ Kxc6
28. Bxa6 Rxb3 29. Rxb3 Rb8 30. Ra3 Bd8 31. Kg2 Bc7 32. Ra1 Rh8 33. Be2 a5 34.
Bd1 Kd7 35. Ba4+ Ke6 36. Rb1 Rb8 37. Rxb8 Bxb8 38. Kf1 Bc7 39. Ke2 Bd8 40. Kd2
Bc7 41. Kc2 g5 42. Kb3 Bd8 43. Bb5 Bc7 44. Ba6 Kd7 45. Bb7 Ke6 46. Ka4 Bd8 47.
Kb5 a4 48. Kxa4 Bc7 49. Kb5 Bd8 50. Bc8+ Kf6 51. Kc6 Ba5 52. Kxd5 Be1 53. c6
Bxf2 54. c7 Bxg3 55. hxg3 f4 56. Bxg4 1-0

[Event "Bielefelder SK 1 - SG Niederkassel 1"]
[Site "NRW-Klasse. Gruppe 1 2017/201"]
[Date "2017.11.19"]
[Round "3.1"]
[White "Wigger, Jochen"]
[Black "Forchert, Martin"]
[Result "1-0"]
[WhiteElo "2246"]
[BlackElo "2266"]
[PlyCount "71"]
[EventDate "2017.??.??"]
[WhiteTeam "SG Niederkassel 1"]
[BlackTeam "Bielefelder SK 1"]

1. b3 d5 2. Bb2 Nf6 3. e3 Bf5 4. Nf3 e6 5. Be2 h6 6. c4 Nbd7 7. Nc3 c6 8. d4
Bd6 9. O-O O-O 10. h3 Qe7 11. Re1 Rad8 12. Nd2 Rfe8 13. Bf1 a6 14. c5 Bc7 15.
f4 Ba5 16. g4 Ne4 17. gxf5 Nxc3 18. Qc2 Ne4 19. Nxe4 dxe4 20. fxe6 Qxe6 21. Bc3
Bxc3 22. Qxc3 Nf6 23. Re2 Nd5 24. Qe1 g5 25. Rg2 Kh7 26. fxg5 Rg8 27. h4 f6 28.
Bc4 fxg5 29. hxg5 Qh3 30. Qg3 Qxg3 31. Rxg3 Rxg5 32. Rxg5 hxg5 33. Bxd5 cxd5
34. Rf1 Kg6 35. b4 Rc8 36. a4 1-0

[Event "Bielefelder SK 1 - SG Niederkassel 1"]
[Site "NRW-Klasse. Gruppe 1 2017/201"]
[Date "2017.11.19"]
[Round "3.2"]
[White "Gruen, Gerd-Peter"]
[Black "Schienmann, Bruno"]
[Result "1-0"]
[WhiteElo "2215"]
[BlackElo "2263"]
[PlyCount "67"]
[EventDate "2017.??.??"]
[WhiteTeam "Bielefelder SK 1"]
[BlackTeam "SG Niederkassel 1"]

1. d4 Nf6 2. Nf3 e6 3. c4 Bb4+ 4. Bd2 a5 5. g3 d6 6. Bg2 Nbd7 7. O-O e5 8. d5
Bxd2 9. Qxd2 Nc5 10. Nc3 O-O 11. Qc2 Nh5 12. b3 f5 13. a3 b6 14. b4 Nb7 15. e3
g5 16. Nd2 Qe7 17. Nb5 f4 18. exf4 gxf4 19. Bf3 Ng7 20. g4 Rf6 21. Ne4 Rg6 22.
Kh1 Qh4 23. g5 Ne8 24. Rg1 Kf7 25. Qe2 Bf5 26. Bg4 Bxe4+ 27. Qxe4 Ng7 28. Nxc7
Rg8 29. Ne6 Nd8 30. c5 h5 31. Bf5 Nxf5 32. Qxf5+ Ke8 33. cxd6 Nxe6 34. dxe6 1-0

[Event "Bielefelder SK 1 - SG Niederkassel 1"]
[Site "NRW-Klasse. Gruppe 1 2017/201"]
[Date "2017.11.19"]
[Round "3.3"]
[White "Stanetzek, Carsten"]
[Black "Kruse, Herbert"]
[Result "1/2-1/2"]
[WhiteElo "2125"]
[BlackElo "2170"]
[PlyCount "138"]
[EventDate "2017.??.??"]
[WhiteTeam "SG Niederkassel 1"]
[BlackTeam "Bielefelder SK 1"]

1. e4 c5 2. Nf3 d6 3. Bb5+ Nd7 4. O-O a6 5. Bd3 e5 6. c4 g5 7. Nc3 Ne7 8. Bc2
Ng6 9. Ba4 Be7 10. d3 Rg8 11. Ne1 Kf8 12. g3 Nb6 13. Qh5 Rg7 14. Bd1 f5 15. f4
exf4 16. gxf4 Nxf4 17. Bxf4 gxf4+ 18. Kh1 Kg8 19. Ng2 Rg5 20. Qf3 Bf6 21. Nxf4
Bxc3 22. bxc3 fxe4 23. Qxe4 Bf5 24. Qxb7 Rb8 25. Qc6 Rc8 26. Qb7 Rb8 27. Qf3
Bg4 28. Qe3 Qd7 29. Bxg4 Rxg4 30. Qe6+ Qxe6 31. Nxe6 Na4 32. Rf6 Rg6 33. Rxg6+
hxg6 34. Nf4 Kh7 35. Re1 Nxc3 36. Re7+ Kh6 37. Re6 Kg5 38. Nxg6 Rb6 39. Ne7
Rb1+ 40. Kg2 Rb2+ 41. Kf3 Rxh2 42. Rg6+ Kh5 43. Rxd6 Rxa2 44. Nd5 Nxd5 45.
Rxd5+ Kg6 46. Rxc5 Kf6 47. Ke4 Ke6 48. Rc6+ Kd7 49. Rh6 a5 50. Kd5 a4 51. Rh7+
Kc8 52. d4 a3 53. Kc6 Kb8 54. Rh8+ Ka7 55. Rh3 Ka6 56. c5 Ka5 57. d5 Kb4 58. d6
Rc2 59. Rh4+ Rc4 60. Rxc4+ Kxc4 61. d7 a2 62. d8=Q a1=Q 63. Qd5+ Kb4 64. Qd2+
Ka4 65. Qc2+ Ka5 66. Qd2+ Ka4 67. Kc7 Kb5 68. Qd6 Qa7+ 69. Kc8 Qxc5+ 1/2-1/2

[Event "Bielefelder SK 1 - SG Niederkassel 1"]
[Site "NRW-Klasse. Gruppe 1 2017/201"]
[Date "2017.11.19"]
[Round "3.4"]
[White "Simon, Hans Christian"]
[Black "Rybarczyk, Klaus"]
[Result "0-1"]
[WhiteElo "2141"]
[BlackElo "2154"]
[PlyCount "94"]
[EventDate "2017.??.??"]
[WhiteTeam "Bielefelder SK 1"]
[BlackTeam "SG Niederkassel 1"]

1. Nf3 Nf6 2. g3 g6 3. Bg2 Bg7 4. c4 O-O 5. d4 d6 6. O-O Nc6 7. Nc3 Bg4 8. Ne1
e5 9. d5 Ne7 10. f3 Bd7 11. e4 Ne8 12. Nd3 c5 13. f4 exf4 14. gxf4 b5 15. cxb5
a6 16. bxa6 c4 17. Nf2 Rxa6 18. Qe2 Qc7 19. Be3 f5 20. Rae1 fxe4 21. Nfxe4 h6
22. Rd1 Nf5 23. Bf2 Ra8 24. Kh1 Rb8 25. Rg1 Nf6 26. Qc2 Nh5 27. Qd2 Ne7 28. Be3
Bg4 29. Rde1 Rf7 30. Ng3 Nxg3+ 31. hxg3 Qd7 32. Rgf1 Rf5 33. Kg1 Rh5 34. Kf2
Nf5 35. Rh1 Rxh1 36. Bxh1 h5 37. Bf3 Bxf3 38. Kxf3 Nh6 39. Kg2 h4 40. Bf2 h3+
41. Kg1 Qf5 42. a4 Ng4 43. a5 Ra8 44. Bb6 g5 45. Rf1 Re8 46. fxg5 h2+ 47. Kg2
Qxf1+ 0-1

[Event "Bielefelder SK 1 - SG Niederkassel 1"]
[Site "NRW-Klasse. Gruppe 1 2017/201"]
[Date "2017.11.19"]
[Round "3.5"]
[White "Broehl, Stephan"]
[Black "Goeßling, Guido"]
[Result "1/2-1/2"]
[WhiteElo "2101"]
[BlackElo "2127"]
[PlyCount "143"]
[EventDate "2017.??.??"]
[WhiteTeam "SG Niederkassel 1"]
[BlackTeam "Bielefelder SK 1"]

1. e4 e5 2. Nf3 Nc6 3. Bc4 Bc5 4. c3 Nf6 5. d4 exd4 6. O-O Nxe4 7. cxd4 d5 8.
dxc5 dxc4 9. Qe2 Qd3 10. Re1 f5 11. Nc3 O-O 12. Nxe4 fxe4 13. Qxe4 Bf5 14. Qh4
c3 15. bxc3 Qxc3 16. Be3 Rad8 17. Rac1 Qb4 18. Rc4 Qb2 19. Nd4 Nxd4 20. Rxd4
Rxd4 21. Bxd4 Qxa2 22. Qg5 Bg6 23. h4 Qa4 24. Bb2 Qf4 25. Qd5+ Kh8 26. Re2 c6
27. Qd6 Kg8 28. Qe6+ Qf7 29. Qe5 Re8 30. Qxe8+ Qxe8 31. Rxe8+ Bxe8 32. Bd4 Kf7
33. Kf1 g6 34. Ke2 Ke6 35. Kd3 Kd5 36. Kc3 Ke4 37. Be3 Bf7 38. Kb4 Kd5 39. Kb3
Be6 40. Kb4 Bf5 41. Kb3 Bd3 42. Kc3 Bf1 43. g3 Be2 44. Kb3 Bf3 45. Kc3 Bd1 46.
Kb4 Be2 47. Kb3 Bg4 48. Kc3 a5 49. Bd4 Bd1 50. Be3 a4 51. Kb4 Bb3 52. Kc3 Ke4
53. Bg5 Bd1 54. Kb4 Kd3 55. Bh6 Bb3 56. Bg5 Kc2 57. Bf6 Kd3 58. Bg5 Kd4 59.
Be3+ Kd5 60. Kc3 Bd1 61. Kb4 h5 62. f3 Bc2 63. Bf2 Bb3 64. Bg1 Bd1 65. Bf2 Bxf3
66. Kxa4 Ke4 67. Ka5 Be2 68. Kb6 Kf3 69. Be1 Ba6 70. Ka7 Kg2 71. Kb6 Kf1 72.
Bc3 1/2-1/2

[Event "Bielefelder SK 1 - SG Niederkassel 1"]
[Site "NRW-Klasse. Gruppe 1 2017/201"]
[Date "2017.11.19"]
[Round "3.6"]
[White "Roemhild, Marcus"]
[Black "Dierkes, Tobias"]
[Result "1/2-1/2"]
[WhiteElo "2012"]
[BlackElo "2108"]
[PlyCount "40"]
[EventDate "2017.??.??"]
[WhiteTeam "Bielefelder SK 1"]
[BlackTeam "SG Niederkassel 1"]

1. c4 e5 2. Nc3 Nf6 3. Nf3 Nc6 4. d4 exd4 5. Nxd4 Bc5 6. Nxc6 bxc6 7. e3 O-O 8.
Be2 d5 9. O-O Be6 10. b3 Qe7 11. cxd5 cxd5 12. Qc2 Rfd8 13. Na4 Bd6 14. Bb2 Ng4
15. g3 Qg5 16. Bd4 Nxh2 17. Kxh2 Qh4+ 18. Kg1 Bxg3 19. fxg3 Qxg3+ 20. Kh1 Qh3+
1/2-1/2

[Event "Bielefelder SK 1 - SG Niederkassel 1"]
[Site "NRW-Klasse. Gruppe 1 2017/201"]
[Date "2017.11.19"]
[Round "3.7"]
[White "Riedel, Holger"]
[Black "Danielmeier, Ralf"]
[Result "0-1"]
[WhiteElo "2071"]
[BlackElo "1972"]
[PlyCount "50"]
[EventDate "2017.??.??"]
[WhiteTeam "SG Niederkassel 1"]
[BlackTeam "Bielefelder SK 1"]

1. Nf3 g6 2. d4 Nf6 3. Nc3 d5 4. g3 Bg7 5. Bg2 O-O 6. O-O b6 7. a4 a6 8. Bf4
Bb7 9. a5 Nbd7 10. Ne5 Rc8 11. Qd3 c5 12. Nxd7 Nxd7 13. Nxd5 Bxd5 14. Bxd5 cxd4
15. axb6 Nc5 16. Qc4 Qxb6 17. Bxf7+ Rxf7 18. b4 Qe6 19. Qxe6 Nxe6 20. Rxa6 Nxf4
21. gxf4 Rxc2 22. Rb1 d3 23. exd3 Bd4 24. b5 Rxf4 25. b6 Rfxf2 0-1

[Event "Bielefelder SK 1 - SG Niederkassel 1"]
[Site "NRW-Klasse. Gruppe 1 2017/201"]
[Date "2017.11.19"]
[Round "3.8"]
[White "Gruettemeier, Uwe"]
[Black "Kaeser, Udo"]
[Result "0-1"]
[WhiteElo "2009"]
[BlackElo "2264"]
[PlyCount "160"]
[EventDate "2017.??.??"]
[WhiteTeam "Bielefelder SK 1"]
[BlackTeam "SG Niederkassel 1"]

1. d4 d5 2. Nf3 c6 3. c4 e6 4. Qc2 Nf6 5. Bg5 h6 6. Bxf6 Qxf6 7. e3 Nd7 8. Nc3
Bd6 9. Rd1 O-O 10. Bd3 b6 11. O-O Bb7 12. e4 dxc4 13. Bxc4 Qe7 14. Rfe1 Rac8
15. Qe2 Rfd8 16. a3 b5 17. Bd3 e5 18. d5 a6 19. dxc6 Bxc6 20. Bb1 Nb6 21. Ba2
Bb8 22. Rxd8+ Rxd8 23. Rd1 Rxd1+ 24. Qxd1 Qd6 25. Qxd6 Bxd6 26. Nd2 b4 27. axb4
Bxb4 28. Ndb1 Na4 29. Nxa4 Bxa4 30. Na3 Kf8 31. Bc4 a5 32. Kf1 Ke7 33. Ke2 g6
34. Bb5 Bxa3 35. Bxa4 Bxb2 36. Kd3 Bd4 37. f3 Bg1 38. h3 f5 39. Bb5 Kf6 40. Bc6
Kg5 41. Be8 f4 42. Ke2 Bd4 43. Kf1 Kf6 44. Ke2 Ke7 45. Ba4 Kd6 46. Kd3 Kc5 47.
Be8 g5 48. Kc2 Kb4 49. Bf7 Bb6 50. Bd5 a4 51. Bf7 Ba5 52. Ba2 Kc5 53. Kd3 Kb4
54. Kc2 Bb6 55. Bf7 Bd4 56. Ba2 Ba1 57. Bf7 Kc5 58. Kd3 Kd6 59. Ba2 Ke7 60. Bd5
Kf6 61. Ke2 Kg6 62. Kf1 Kh5 63. Ba2 Kh4 64. Bf7 a3 65. Ba2 Bd4 66. Bf7 Kg3 67.
Ba2 Bc5 68. Bf7 Be7 69. Ba2 h5 70. Be6 h4 71. Kg1 g4 72. fxg4 f3 73. gxf3 Kxh3
74. g5+ Kg3 75. g6 Bf6 76. Bd5 Kxf3 77. Kh2 Ke3 78. Kh3 Kd3 79. g7 Bxg7 80.
Kxh4 Bh6 0-1

[Event "Düsseldorfer SK 2 - SK Königsspringer I"]
[Site "NRW-Klasse. Gruppe 1 2017/201"]
[Date "2017.11.19"]
[Round "3.1"]
[White "Scheider, Julian"]
[Black "de Gleria, Francesco"]
[Result "0-1"]
[WhiteElo "2306"]
[BlackElo "2357"]
[PlyCount "102"]
[EventDate "2017.??.??"]
[WhiteTeam "SK Königsspringer Iserlohn 1"]
[BlackTeam "Düsseldorfer SK 2"]

1. e4 e6 2. d4 d5 3. Nc3 Bb4 4. Nge2 dxe4 5. a3 Be7 6. Nxe4 Nd7 7. N2g3 Ngf6 8.
c3 O-O 9. Bd3 b6 10. O-O Bb7 11. Qc2 c5 12. dxc5 bxc5 13. Rd1 Qc7 14. Qe2 Nd5
15. Ng5 g6 16. Qg4 Ne5 17. Qh3 Bxg5 18. Bxg5 Nxd3 19. Rxd3 f5 20. c4 Nb6 21. b3
Qe5 22. Rad1 f4 23. Bh6 fxg3 24. Bxf8 gxf2+ 25. Kxf2 Rxf8+ 26. Kg1 Rf5 27. Qh6
Rf8 28. Rd8 Qf6 29. Rxf8+ Qxf8 30. Qg5 Kg7 31. Qe5+ Qf6 32. Qc7+ Qf7 33. Qxc5
Qf5 34. Qc7+ Qf7 35. Qe5+ Qf6 36. Qb8 Qe7 37. Qxa7 Qc5+ 38. Kh1 Qc6 39. Rd2 Qe4
40. h3 Qe1+ 41. Kh2 Qe5+ 42. Kg1 Qe1+ 43. Kh2 Qxd2 44. Qxb7+ Nd7 45. c5 Kh6 46.
Qe4 Nf6 47. Qxe6 Qf4+ 48. Kg1 Ne4 49. c6 Qf2+ 50. Kh2 Nd2 51. Qg4 Nf1+ 0-1

[Event "Düsseldorfer SK 2 - SK Königsspringer I"]
[Site "NRW-Klasse. Gruppe 1 2017/201"]
[Date "2017.11.19"]
[Round "3.2"]
[White "Harff, Marcel"]
[Black "Eckardt, Joshua"]
[Result "1-0"]
[WhiteElo "2363"]
[BlackElo "2249"]
[Annotator "Daniel"]
[PlyCount "71"]
[EventDate "2017.??.??"]
[WhiteTeam "Düsseldorfer SK 2"]
[BlackTeam "SK Königsspringer Iserlohn 1"]

1. c4 Nf6 2. g3 e5 3. Bg2 d5 4. cxd5 Nxd5 5. Nf3 Nc6 6. O-O Nb6 7. a3 Be7 8. d3
Be6 9. Nbd2 a5 10. b3 O-O 11. Bb2 f6 12. Qc2 Qd7 13. Rfd1 Rfd8 14. Nc4 Qe8 15.
Rac1 Qf7 16. Qc3 a4 17. Nxb6 cxb6 18. b4 Rac8 19. Qd2 Bb3 20. Rf1 e4 21. Ne1
Qe6 $11 22. Qe3 exd3 23. Qxe6+ Bxe6 24. Nxd3 b5 25. Nf4 Bc4 26. Rfd1 Bd6 27.
Bd5+ Bxd5 28. Nxd5 Kf7 29. f4 Bb8 30. Kf1 Ba7 31. Nc3 Nd4 32. Rd3 Nf5 33. Nxb5
Ne3+ 34. Ke1 Ng2+ 35. Kd1 Bf2 36. Nd6+ 1-0

[Event "Düsseldorfer SK 2 - SK Königsspringer I"]
[Site "NRW-Klasse. Gruppe 1 2017/201"]
[Date "2017.11.19"]
[Round "3.3"]
[White "Schmitz, Philipp"]
[Black "Hainke, Guntram"]
[Result "1/2-1/2"]
[WhiteElo "2159"]
[BlackElo "2265"]
[Annotator "Daniel"]
[PlyCount "123"]
[EventDate "2017.??.??"]
[WhiteTeam "SK Königsspringer Iserlohn 1"]
[BlackTeam "Düsseldorfer SK 2"]

1. e4 Nf6 2. d3 d5 3. Nd2 e5 4. Ngf3 Nc6 5. Be2 Be7 6. O-O O-O 7. c3 a5 8. a4
Re8 9. Re1 Bf8 10. Qc2 b6 11. Nf1 Bb7 12. Bg5 Qd6 13. Bxf6 Qxf6 14. exd5 Ne7
15. c4 c6 16. Ne3 cxd5 17. Ng4 Qd6 18. Ngxe5 f6 19. Ng4 h5 20. Ne3 d4 21. Nd5
Nxd5 22. cxd5 Qxd5 23. Bf1 Bb4 24. Rxe8+ Rxe8 25. Qc4 Qxc4 26. dxc4 Rd8 27. Rd1
Bc6 28. Rxd4 Rxd4 29. Nxd4 Bxa4 30. Bd3 Kf7 31. Kf1 g6 32. Ke2 f5 33. f4 $11
Bd6 34. g3 Kf6 35. h4 Be8 36. b3 Bc5 37. Nc2 Ke6 38. Ne3 Kd6 39. Nc2 Bc6 40.
Ke1 Bf3 41. Kf1 Kc6 42. Ke1 Bg2 43. Ke2 Bg1 44. Ne3 Bxe3 45. Kxe3 Kc5 46. Kd2
Kd4 47. g4 Be4 48. gxh5 gxh5 49. Be2 Bc6 50. Bxh5 Ke4 51. Kc3 Kxf4 52. Bd1 Be8
53. Kd4 Bf7 54. Be2 Bg8 55. h5 Kg3 56. h6 Kf4 57. Bd3 Kg5 58. h7 Bxh7 59. Kd5
Bg6 60. Kc6 f4 61. Bf1 Bc2 62. Kxb6 1/2-1/2

[Event "Düsseldorfer SK 2 - SK Königsspringer I"]
[Site "NRW-Klasse. Gruppe 1 2017/201"]
[Date "2017.11.19"]
[Round "3.4"]
[White "Reinke, Markus"]
[Black "Kramps, Rene"]
[Result "1-0"]
[WhiteElo "2152"]
[BlackElo "2036"]
[Annotator "Daniel"]
[PlyCount "109"]
[EventDate "2017.??.??"]
[WhiteTeam "Düsseldorfer SK 2"]
[BlackTeam "SK Königsspringer Iserlohn 1"]

1. e4 c5 2. Nc3 Nc6 3. f4 e6 4. Nf3 a6 5. d3 b5 6. g3 d5 7. Bg2 d4 8. Ne2 Bb7
9. O-O Be7 10. g4 Qc7 11. Ng3 g6 12. c3 h5 13. gxh5 gxh5 14. h3 Nf6 15. cxd4
Nxd4 16. Nxd4 cxd4 17. Bd2 h4 $11 18. Ne2 Rg8 19. Kh1 Nh5 20. a4 b4 21. a5 Qd6
22. Rc1 Kd7 23. Rc4 e5 24. fxe5 Qg6 25. Qa4+ Bc6 26. e6+ Qxe6 27. Qxc6+ Qxc6
28. Rxc6 Kxc6 29. Rxf7 Raf8 30. Nxd4+ Kd7 31. Rxe7+ Kxe7 32. Bxb4+ Kf6 33. Bxf8
Rxf8 34. Nf3 Nf4 35. d4 Rb8 36. e5+ Ke6 37. Nxh4 Nxg2 38. Kxg2 Rxb2+ 39. Kf3
Kd5 40. Nf5 Ra2 41. h4 Rxa5 42. h5 Ra1 43. Ne3+ Ke6 44. Ke4 Rh1 45. d5+ Kd7 46.
e6+ Kd8 47. Nf5 a5 48. h6 a4 49. d6 a3 50. Ng7 Re1+ 51. Kf3 a2 52. h7 Rh1 53.
e7+ Kd7 54. e8=Q+ Kxd6 55. Qe6+ 1-0

[Event "Düsseldorfer SK 2 - SK Königsspringer I"]
[Site "NRW-Klasse. Gruppe 1 2017/201"]
[Date "2017.11.19"]
[Round "3.5"]
[White "Messarius, Juergen"]
[Black "Krause, Thomas"]
[Result "1/2-1/2"]
[WhiteElo "2146"]
[BlackElo "2156"]
[PlyCount "128"]
[EventDate "2017.??.??"]
[WhiteTeam "SK Königsspringer Iserlohn 1"]
[BlackTeam "Düsseldorfer SK 2"]

1. e4 g6 2. d4 Bg7 3. Nc3 c6 4. Nf3 d6 5. h3 Nd7 6. a4 e5 7. Be3 Ngf6 8. dxe5
dxe5 9. Qd6 Bf8 10. Qd3 Bb4 11. Be2 Qe7 12. O-O Nc5 13. Qc4 a5 14. Rfd1 O-O 15.
Bh6 Re8 16. Ng5 Nfd7 17. Nb1 Nb6 18. Qa2 Ne6 19. Nf3 f6 20. Be3 Bc5 21. Qb3
Bxe3 22. Qxe3 Qc5 23. Qb3 Kg7 24. Bf1 Nf4 25. Qc3 Qxc3 26. Nxc3 Be6 27. Kh2 Bf7
28. Rab1 Red8 29. Rxd8 Rxd8 30. g3 Ne6 31. b4 Nd7 32. b5 Nd4 33. Nxd4 exd4 34.
Ne2 c5 35. b6 Rc8 36. Rb5 Rc6 37. Rxa5 Rxb6 38. Nf4 Rd6 39. Bb5 Ne5 40. Ra7 Rb6
41. Kg2 g5 42. Ne2 Nc4 43. g4 Nd6 44. Ng3 Bg6 45. Bd7 Nxe4 46. a5 Ra6 47. Rxb7
Kf8 48. Nf5 Bxf5 49. Bxf5 Nd6 50. Rb6 Rxb6 51. axb6 Ke7 52. Bxh7 Kd7 53. f4 Kc6
54. h4 gxh4 55. g5 fxg5 56. fxg5 Kxb6 57. Kh3 c4 58. Kxh4 Kc5 59. Kh5 d3 60.
cxd3 c3 61. d4+ Kxd4 62. Bc2 Ke5 63. Kg6 Ne4 64. Kh6 Nxg5 1/2-1/2

[Event "Düsseldorfer SK 2 - SK Königsspringer I"]
[Site "NRW-Klasse. Gruppe 1 2017/201"]
[Date "2017.11.19"]
[Round "3.6"]
[White "Hoenig, Alexander"]
[Black "Kind, Bertram"]
[Result "1-0"]
[WhiteElo "2133"]
[BlackElo "2131"]
[PlyCount "95"]
[EventDate "2017.??.??"]
[WhiteTeam "Düsseldorfer SK 2"]
[BlackTeam "SK Königsspringer Iserlohn 1"]

1. d4 Nf6 2. c4 e6 3. g3 Bb4+ 4. Nd2 O-O 5. Bg2 d5 6. Ngf3 Nc6 7. Qc2 Ne4 8. e3
f5 9. O-O Be7 10. a3 Bf6 11. b4 g5 12. Bb2 g4 13. Nxe4 dxe4 14. Ne5 Nxe5 15.
dxe5 Bg5 16. Rfd1 Qe7 17. c5 Bd7 18. Bf1 Rfd8 19. Bc4 Be8 20. Qb3 Bf7 21. Bd4
h5 22. b5 Kg7 23. b6 axb6 24. cxb6 c6 25. Bb2 Rxd1+ 26. Rxd1 Re8 27. a4 Bg8 28.
Rd6 Qf7 29. a5 h4 30. a6 bxa6 31. Rxc6 Re7 32. Bxe6 Qe8 33. Rc7 Rxc7 34. Bxg8
Rb7 35. Bd5 Rb8 36. b7 h3 37. Qc3 Qd8 38. Qc6 a5 39. Bd4 a4 40. Bb6 Qf8 41. Bc5
Qd8 42. Bd6 a3 43. Qb5 Be7 44. Bxb8 Qxb8 45. Bc4 Kf8 46. Qd5 Ke8 47. Qc6+ Kf8
48. Qc8+ 1-0

[Event "Düsseldorfer SK 2 - SK Königsspringer I"]
[Site "NRW-Klasse. Gruppe 1 2017/201"]
[Date "2017.11.19"]
[Round "3.7"]
[White "Klauke, Stefan"]
[Black "Kesseler, Heiko"]
[Result "0-1"]
[WhiteElo "2091"]
[BlackElo "2049"]
[PlyCount "174"]
[EventDate "2017.??.??"]
[WhiteTeam "SK Königsspringer Iserlohn 1"]
[BlackTeam "Düsseldorfer SK 2"]

1. d4 Nf6 2. Nc3 d5 3. Bg5 e6 4. e4 dxe4 5. Nxe4 Be7 6. Bxf6 Bxf6 7. Nf3 O-O 8.
Nxf6+ Qxf6 9. Bd3 Nd7 10. Qe2 Qf4 11. h4 c5 12. g3 Qc7 13. O-O-O cxd4 14. Nxd4
Nc5 15. Rhe1 Nxd3+ 16. Qxd3 Qa5 17. Kb1 e5 18. Nb3 Qc7 19. Qd6 Qxd6 20. Rxd6 f6
21. Nc5 Re8 22. f4 b6 23. Nd3 e4 24. Nb4 Bg4 25. Nd5 Rad8 26. Rxd8 Rxd8 27. Ne3
Bf3 28. Kc1 Kf7 29. Rf1 g5 30. fxg5 fxg5 31. Nc4 Ke6 32. hxg5 Kf5 33. Nd2 Kg4
34. Nxe4 Bxe4 35. Rf4+ Kxg3 36. Rxe4 Rd7 37. Ra4 Rg7 38. Kd2 a5 39. Rd4 Rxg5
40. Rd6 Rg6 41. Rd5 Kg4 42. Rd4+ Kg5 43. Rd5+ Kg4 44. Rd4+ Kf5 45. Rd5+ Ke4 46.
Rh5 h6 47. c4 Kd4 48. Rh4+ Kc5 49. Kc3 Rg3+ 50. Kc2 Rg6 51. Kb3 Rg3+ 52. Ka4
Rg6 53. a3 Kc6 54. Rh5 Kb7 55. b3 Ka6 56. Rf5 Re6 57. Rf7 Re4 58. Rf6 h5 59.
Rc6 h4 60. b4 Rxc4 61. Rh6 Rg4 62. Kb3 Rf4 63. Ka4 Rg4 64. Kb3 Rf4 65. Ka4 Rd4
66. Kb3 Re4 67. Ka4 Rf4 68. Kb3 Rf3+ 69. Ka4 axb4 70. axb4 h3 71. b5+ Kb7 72.
Rh7+ Kc8 73. Kb4 Rf4+ 74. Kc3 Rf3+ 75. Kc4 Kd8 76. Kd5 Rc3 77. Kd6 Ke8 78. Ke6
Kf8 79. Kf6 Kg8 80. Rh5 Rg3 81. Rh4 Rf3+ 82. Ke6 Kg7 83. Kd5 Kg6 84. Kc6 Kg5
85. Rh8 Rf6+ 86. Kd5 Rh6 87. Rg8+ Kf4 0-1

[Event "Düsseldorfer SK 2 - SK Königsspringer I"]
[Site "NRW-Klasse. Gruppe 1 2017/201"]
[Date "2017.11.19"]
[Round "3.8"]
[White "Mueller, Michael"]
[Black "Schwanbeck, Christoph"]
[Result "0-1"]
[WhiteElo "2062"]
[BlackElo "2060"]
[PlyCount "104"]
[EventDate "2017.??.??"]
[WhiteTeam "Düsseldorfer SK 2"]
[BlackTeam "SK Königsspringer Iserlohn 1"]

1. e4 d6 2. d4 Nf6 3. Nc3 Nbd7 4. Nf3 e5 5. Be2 c6 6. a4 a5 7. O-O Be7 8. Re1
Qc7 9. h3 O-O 10. Bf1 Re8 11. b3 Bf8 12. Bb2 exd4 13. Qxd4 Ne5 14. Nd2 b6 15.
Nc4 Be6 16. Ne3 Nh5 17. Ne2 g5 18. Qd1 Bg7 19. Nd4 Nf4 20. Nxe6 fxe6 21. g3
Nfg6 22. Ra2 Qf7 23. Bg2 Rf8 24. Qe2 h5 25. Rf1 Nf4 26. gxf4 gxf4 27. Bxe5 Bxe5
28. Ng4 f3 29. Nh6+ Kh7 30. Nxf7 fxe2 31. Re1 Rxf7 32. Rxe2 Rg8 33. c4 Bd4 34.
Kh1 Rfg7 35. f3 Rg3 36. Rad2 e5 37. Rc2 Kg7 38. Kh2 h4 39. Ra2 Kf6 40. Rad2 b5
41. cxb5 cxb5 42. axb5 Rb8 43. Rd3 Rxb5 44. Bf1 Bg1+ 45. Kh1 Bd4 46. Rg2 Rxh3+
47. Rh2 Rg3 48. Rxd4 exd4 49. Bxb5 Rxf3 50. Rxh4 Rxb3 51. Rh5 Re3 52. Bc6 a4
0-1

[Event "SV Erkenschwick 1 - SF Lieme 1"]
[Site "NRW-Klasse. Gruppe 1 2017/201"]
[Date "2017.11.19"]
[Round "3.1"]
[White "Niermann, Tristan"]
[Black "Willemze, Thomas"]
[Result "1-0"]
[WhiteElo "2178"]
[BlackElo "2409"]
[PlyCount "63"]
[EventDate "2017.??.??"]
[WhiteTeam "SF Lieme 1"]
[BlackTeam "SV Erkenschwick 1"]

1. d4 Nf6 2. c4 e6 3. g3 d5 4. Nf3 Be7 5. Bg2 O-O 6. O-O c6 7. Qc2 b6 8. Nbd2
Bb7 9. e4 Na6 10. a3 dxc4 11. e5 Nd5 12. Ne4 h6 13. Qxc4 Nac7 14. Rd1 a5 15.
Bd2 a4 16. Qc1 f5 17. exf6 Nxf6 18. Nxf6+ Bxf6 19. Bf4 Nd5 20. Be5 Ra5 21. Qc2
c5 22. dxc5 Qa8 23. Bd6 Rf7 24. Bh3 Bc8 25. c6 Rb5 26. Nd4 Bxd4 27. Rxd4 Rb3
28. Re1 Qa5 29. Bb4 Nxb4 30. axb4 Rxb4 31. Rd8+ Rf8 32. Rxc8 1-0

[Event "SV Erkenschwick 1 - SF Lieme 1"]
[Site "NRW-Klasse. Gruppe 1 2017/201"]
[Date "2017.11.19"]
[Round "3.2"]
[White "Ris, Robert"]
[Black "Wittke, Rene"]
[Result "1-0"]
[WhiteElo "2381"]
[BlackElo "2215"]
[PlyCount "77"]
[EventDate "2017.??.??"]
[WhiteTeam "SV Erkenschwick 1"]
[BlackTeam "SF Lieme 1"]

1. d4 Nf6 2. Bf4 e6 3. e3 b6 4. Nf3 Bb7 5. Bd3 Be7 6. h3 c5 7. c3 O-O 8. O-O d6
9. Nbd2 Nc6 10. Qe2 Rc8 11. Rfe1 Rc7 12. a3 Rd7 13. Bg3 Qa8 14. e4 Rfd8 15. Bh4
a6 16. Rad1 b5 17. Nf1 cxd4 18. cxd4 Nh5 19. d5 Ne5 20. dxe6 Nf4 21. Qe3 Nfxd3
22. exd7 Nxe1 23. Bxe7 N1xf3+ 24. gxf3 Rxd7 25. Bh4 Qc8 26. Bg3 Qc5 27. Kg2 f5
28. b4 Qc8 29. Bxe5 dxe5 30. Qb3+ Kf8 31. Ng3 g6 32. Rxd7 Qxd7 33. Qc3 f4 34.
Ne2 Qe7 35. Nc1 Kg7 36. Nd3 Kf6 37. Nxf4 Qd6 38. Nd3 Bc6 39. Nxe5 1-0